Statistics for The Flag of Guyana Map Quiz

Click here to take the quiz!

General Stats

  • This quiz has been taken 330 times
  • The average score is 3 of 5

Answers on the Map

Answers color-coded by a green-red scale on the quiz's map according to % correct below.
 

Answer Stats

Answer% Correct
Green
86%
Black
68%
Red
68%
White
66%
Yellow
61%

Score Distribution

Percentile by Number Answered

Percent of People with Each Score

Your Score History

You have not taken this quiz